Building classroom discipline / (Record no. 2744)

000 -LEADER
fixed length control field 00941cam a2200289 a 4500
001 - CONTROL NUMBER
control field 12330875
003 - CONTROL NUMBER IDENTIFIER
control field OSt
005 - DATE AND TIME OF LATEST TRANSACTION
control field 20160812113734.0
008 - FIXED-LENGTH DATA ELEMENTS--GENERAL INFORMATION
fixed length control field 010301s2002 maua b 001 0 eng
010 ## - LIBRARY OF CONGRESS CONTROL NUMBER
LC control number 2001022426
020 ## - INTERNATIONAL STANDARD BOOK NUMBER
International Standard Book Number 9780321076915
040 ## - CATALOGING SOURCE
Original cataloging agency DLC
Transcribing agency DLC
Modifying agency DLC
050 00 - LIBRARY OF CONGRESS CALL NUMBER
Classification number LB3012.C46 2008
082 00 - DEWEY DECIMAL CLASSIFICATION NUMBER
Classification number 371.5
Edition number 21
100 1# - MAIN ENTRY--PERSONAL NAME
Personal name Charles, C. M.
245 10 - TITLE STATEMENT
Title Building classroom discipline /
Statement of responsibility, etc C.M. Charles.
250 ## - EDITION STATEMENT
Edition statement 7th ed.
260 ## - PUBLICATION, DISTRIBUTION, ETC. (IMPRINT)
Place of publication, distribution, etc Boston :
Name of publisher, distributor, etc Allyn and Bacon,
Date of publication, distribution, etc c2002.
300 ## - PHYSICAL DESCRIPTION
Extent xxviii, 307 p. :
Other physical details ill. ;
Dimensions 24 cm.
504 ## - BIBLIOGRAPHY, ETC. NOTE
Bibliography, etc Includes bibliographical references (p. 289-295) and index.
650 #0 - SUBJECT ADDED ENTRY--TOPICAL TERM
Topical term or geographic name as entry element School discipline.
650 #0 - SUBJECT ADDED ENTRY--TOPICAL TERM
Topical term or geographic name as entry element Classroom management.
700 ## - ADDED ENTRY--PERSONAL NAME
Personal name Senter, Gail W.
906 ## - LOCAL DATA ELEMENT F, LDF (RLIN)
a 7
b cbc
c orignew
d 1
e ocip
f 20
g y-gencatlg
942 ## - ADDED ENTRY ELEMENTS (KOHA)
Source of classification or shelving scheme
Koha item type Book
Holdings
Withdrawn status Lost status Source of classification or shelving scheme Damaged status Not for loan Home library Current library Shelving location Date acquired Total Checkouts Total Renewals Full call number Barcode Date last seen Date checked out Copy number Price effective from Koha item type
          Riara University Library Riara University Library General stack 12/08/2016 1 1 LB3012.C46 2008 7051/16 23/10/2017 01/07/2017 C.1 12/08/2016 Book

Riara University Library,
P.O. Box 49940-00100,
Nairobi, Kenya.